[Event "BIH-chT Premier League 2019"]
[Site "Tuzla"]
[Date "2019.06.14"]
[Round "7.9"]
[White "Stojanovic, Dalibor"]
[Black "Obad, Andrija"]
[Result "1/2-1/2"]
[WhiteElo "2507"]
[BlackElo "2290"]
[Annotator "ChessBase"]
[PlyCount "69"]
[EventDate "2019.06.08"]
[EventType "team-tourn"]
[EventCountry "BIH"]
[SourceTitle "playchess.com"]
[Source "ChessBase"]
[SourceQuality "1"]
[TimeControl "40/5400+30:900+30"]

1. e4 {[%emt 1:30:30]} c5 {[%emt 1:30:30]} 2. Nf3 {[%emt 0:00:30]} d6 {[%emt 0:00:30]} 3. Bc4 {[%emt 0:00:30]} Nf6 {[%emt 0:00:30]} 4. d3 {[%emt 0:00:30]} Nc6 {[%emt 0:00:30]} 5. c3 {[%emt 0:00:30]} e6 {[%emt 0:00:30]} 6. Bb3 {[%emt 0:00:30]} Be7 {[%emt 0:00:30]} 7. O-O {[%emt 0:00:30]} O-O {[%emt 0:00:30]} 8. Re1 {[%emt 0:00:30]} e5 {[%emt 0:00:30]} 9. Nbd2 {[%emt 0:00:30]} Be6 {[%emt 0:00:30]} 10. Nf1 {[%emt 0:00:30]} h6 {[%emt 0:00:30]} 11. Ng3 {[%emt 0:00:30]} Qd7 {[%emt 0:00:30]} 12. h3 {[%emt 0:00:30]} Rfe8 {[%emt 0:00:30]} 13. d4 {[%emt 0:00:30]} Bxb3 {[%emt 0:00:30]} 14. axb3 {[%emt 0:00:30]} cxd4 {[%emt 0:00:30]} 15. cxd4 {[%emt 0:00:30]} exd4 {[%emt 0:00:30]} 16. Nxd4 {[%emt 0:00:30]} d5 {[%emt 0:00:30]} 17. Nxc6 {[%emt 0:00:30]} bxc6 {[%emt 0:00:30]} 18. e5 {[%emt 0:00:30]} Bb4 {[%emt 0:00:30]} 19. Bd2 {[%emt 0:00:30]} Bxd2 {[%emt 0:00:30]} 20. Qxd2 Nh7 {[%emt 0:00:30]} 21. Ra4 {[%emt 0:01:00]} f6 {[%emt 0:00:30]} 22. f4 {[%emt 0:00:30]} fxe5 {[%emt 0:00:30]} 23. fxe5 {[%emt 0:00:30]} Re7 {[%emt 0:00:30]} 24. Qd4 {[%emt 0:00:30]} Ng5 {[%emt 0:00:30]} 25. h4 {[%emt 0:00:30]} Nf7 {[%emt 0:00:30]} 26. Re2 {[%emt 0:00:30]} Qe6 {[%emt 0:00:30]} 27. Ra1 {[%emt 0:00:30]} Qg6 {[%emt 0:00:30]} 28. Qf4 {[%emt 0:00:30]} Rae8 {[%emt 0:00:30]} 29. Rae1 {[%emt 0:00:30]} Nd8 {[%emt 0:00:30]} 30. h5 {[%emt 0:00:30]} Ne6 {[%emt 0:00:30]} 31. Qh4 {[%emt 0:00:30]} Qd3 {[%emt 0:00:30]} 32. Re3 {[%emt 0:00:30]} Qc2 {[%emt 0:00:30]} 33. R1e2 {[%emt 0:00:30]} Qb1+ {[%emt 0:00:30]} 34. Re1 {[%emt 0:00:30]} Qc2 {[%emt 0:00:30]} 35. R1e2 {[%emt 0:00:30]} 1/2-1/2

[Event "BIH-chT Premier League 2019"]
[Site "Tuzla"]
[Date "2019.06.14"]
[Round "7.10"]
[White "Vukic, Milan"]
[Black "Nikolic, Predrag"]
[Result "1/2-1/2"]
[WhiteElo "2406"]
[BlackElo "2574"]
[Annotator "TA"]
[PlyCount "162"]
[EventDate "2019.06.08"]
[EventType "team-tourn"]
[EventCountry "BIH"]
[SourceTitle "playchess.com"]
[Source "ChessBase"]
[SourceQuality "1"]

{[%evp 13,162,0,13,14,17,16,20,-19,-15,-24,0,0,0,0,6,-10,-7,-7,-6,-8,0,0,0,0,0,-14,0,0,0,0,0,0,0,0,32,28,42,-14,-13,-16,-14,-18,-16,-23,-12,-17,0,0,0,0,0,0,0,0,0,0,0,0,0,-23,0,0,0,-11,-11,-6,-6,-8,-8,-11,-11,-72,-60,-116,-11,-14,-8,-8,-8,-8,-8,-8,-8,-6,0,0,0,0,0,-30,-28,-30,-23,-20,-32,-26,-8,-8,-8,-8,0,-38,-5,-82,-90,-102,0,-7,0,0,0,-1,-1,-37,-18,-59,-78,-93,-23,-27,0,0,0,0,0,0,0,0,0,0,0,0,0,0,0,0,105,0,0,-89,-24,-172,-171,-244,-157,-157,0,0,0,-104,0]} 1. Nf3 d5 2. g3 g6 3. Bg2 Bg7 4. d4 Nf6 5. O-O O-O 6. Nbd2 c6 7. c3 Bf5 8. Re1 {D02: 1 d4 d5 2 Nf3 sidelines, including 2...Nf6 3 g3 and 2...Nf6 3 Bf4} Qc8 9. Nh4 Bg4 10. Bf3 $146 {The position is equal.} ({Predecessor:} 10. Qc2 Nbd7 11. e4 e5 12. dxe5 Nxe4 13. Nxe4 dxe4 14. Rxe4 Nxe5 15. Bf4 f6 16. Bxe5 fxe5 {1-0 (82) Grischuk,A (2771)-Ismagambetov,A (2545) Astana 2019}) 10... c5 11. dxc5 Bxf3 12. exf3 Qxc5 13. Nb3 Qc7 14. f4 Nc6 15. Nf3 Rad8 16. Be3 Ne4 17. Qe2 Nd6 18. Rad1 e6 19. Nbd4 Rfe8 20. Nb5 Qa5 21. Nxd6 Rxd6 22. a3 a6 23. Nd4 Ne7 24. h4 h5 25. Nf3 (25. g4 $14) 25... Nf5 $11 26. Bd4 Nxd4 27. Nxd4 Rc8 28. Rd3 Qd8 29. Red1 b5 30. Nc2 Qb6 31. f5 exf5 32. Rxd5 Re6 33. Qd2 Bf8 34. Re1 Rce8 35. Rxe6 Qxe6 36. Rd3 Qf6 37. Ne3 Re4 38. Nd5 Qe5 {aiming for ...Re2.} 39. Kf1 $1 {[#]} Bh6 $1 {[%mdl 512]} 40. f4 ({Don't blunder} 40. Qxh6 $2 Re1+ 41. Kg2 Qe4+ 42. Rf3 Qxd5 $19) 40... Qe6 41. Ne3 Bf8 42. Nc2 (42. Nd1 $1 $11 {keeps the balance.}) 42... Qa2 $17 43. Nd4 (43. Ne1 $15) 43... Qb1+ (43... Qa1+ $17 44. Kg2 Re1) 44. Kg2 $11 Re1 45. Nf3 $1 {[%cal Rf3e1]} Re8 46. Rd5 Qe4 47. Kf2 Qc4 {White must now prevent ...Bc5+.} 48. Ne5 Qe4 49. Nf3 Rc8 50. Re5 Qc6 51. Qd5 Qb6+ 52. Kg2 Rd8 53. Qb3 Qc6 $36 {[%mdl 2048] ( -> ...Rd2+). Black is pushing.} 54. Qc2 Bd6 55. Re1 Bc5 56. Re2 a5 57. c4 b4 58. axb4 (58. a4 $1 $11 {remains equal.}) 58... Bxb4 $17 ({Don't play} 58... axb4 59. Rd2 $11) 59. b3 Bc5 ({Black should try} 59... Kh7 $17) 60. Re1 Rb8 61. Re5 Rd8 62. Qe2 Bb4 {And now ...Rd2 would win.} 63. Kh2 Bc3 64. Re7 Bf6 $1 {[%cal Rf6e7]} 65. Re3 Rb8 (65... a4 $17 {Threatens to win with ...a3.} 66. bxa4 Qxa4) 66. Ne5 $11 Qc7 (66... Bxe5 {is more complex.} 67. fxe5 Re8 68. Qc2 Qe6 69. Qd3 Qb6) 67. Rd3 {Strongly threatening Nd7.} Bxe5 68. Qxe5 Qxe5 69. fxe5 {[%mdl 4096] Endgame KR-KR} Kf8 70. Kg2 Ke7 71. Kf3 Rb4 72. Ke3 a4 73. bxa4 Rxa4 74. Kd4 Ra8 (74... Ke6 $11) 75. Ke3 (75. c5 $16) 75... Rc8 76. Rd4 (76. Rc3 $11) 76... Ke6 (76... Rc5 $1 $17 77. Kf4 Ke8) 77. Kf4 {[#]} (77. Kd3 $11 {and White is okay.}) 77... Rc5 $1 $19 78. Rd6+ Ke7 79. Rd4 {[#]} Ke6 ({Black should play} 79... Ke8 $1 80. Kf3 Rxe5) 80. Rd6+ $17 Ke7 81. Rd4 Ke6 {Accuracy: White = 57%, Black = 51%.} (81... Ke8 $17 82. Kf3 Rxe5) 1/2-1/2

[Event "BIH-chT Premier League 2019"]
[Site "Tuzla"]
[Date "2019.06.14"]
[Round "7.10"]
[White "Iveljic, Igor"]
[Black "Buljubasic, Sabahudin"]
[Result "1/2-1/2"]
[WhiteElo "2230"]
[BlackElo "2374"]
[Annotator "ChessBase"]
[PlyCount "68"]
[EventDate "2019.06.08"]
[EventType "team-tourn"]
[EventCountry "BIH"]
[SourceTitle "playchess.com"]
[Source "ChessBase"]
[SourceQuality "1"]
[TimeControl "40/5400+30:900+30"]

1. e4 {[%emt 1:30:30]} c5 {[%emt 1:30:30]} 2. Nf3 {[%emt 0:00:30]} e6 {[%emt 0:00:30]} 3. d3 {[%emt 0:00:30]} Nc6 {[%emt 0:00:30]} 4. g3 {[%emt 0:00:30]} g6 {[%emt 0:00:30]} 5. Bg2 {[%emt 0:00:30]} Bg7 {[%emt 0:00:30]} 6. O-O {[%emt 0:00:30]} Nge7 {[%emt 0:00:30]} 7. c3 {[%emt 0:00:30]} e5 {[%emt 0:00:30]} 8. a3 {[%emt 0:00:30]} d6 {[%emt 0:00:30]} 9. b4 {[%emt 0:00:30]} a6 {[%emt 0:00:30]} 10. Nbd2 {[%emt 0:00:30]} O-O {[%emt 0:00:30]} 11. Rb1 {[%emt 0:00:30]} h6 {[%emt 0:00:30]} 12. Nb3 {[%emt 0:00:30]} b6 {[%emt 0:00:30]} 13. Re1 {[%emt 0:00:30]} Be6 {[%emt 0:00:30]} 14. d4 {[%emt 0:00:30]} exd4 {[%emt 0:00:30]} 15. cxd4 {[%emt 0:00:30]} Bxb3 {[%emt 0:00:30]} 16. Qxb3 {[%emt 0:00:30]} Nxd4 {[%emt 0:00:30]} 17. Nxd4 {[%emt 0:00:30]} cxd4 {[%emt 0:00:30]} 18. Bb2 {[%emt 0:00:30]} b5 {[%emt 0:00:30]} 19. e5 {[%emt 0:00:30]} Rc8 {[%emt 0:00:30]} 20. Bxd4 {[%emt 0:00:30]} Nf5 {[%emt 0:00:30]} 21. Ba1 {[%emt 0:00:30]} dxe5 {[%emt 0:00:30]} 22. Bxe5 {[%emt 0:00:30]} Nd4 {[%emt 0:00:30]} 23. Bxd4 {[%emt 0:00:30]} Bxd4 {[%emt 0:00:30]} 24. Rbd1 {[%emt 0:00:30]} Qb6 {[%emt 0:00:30]} 25. Re2 {[%emt 0:00:30]} Rc3 {[%emt 0:00:30]} 26. Qa2 {[%emt 0:00:30]} Qf6 {[%emt 0:00:30]} 27. Red2 {[%emt 0:00:30]} Be5 {[%emt 0:00:30]} 28. Be4 {[%emt 0:00:30]} Rc4 {[%emt 0:00:30]} 29. Bd5 {[%emt 0:00:30]} Rc3 {[%emt 0:00:30]} 30. Kg2 {[%emt 0:00:30]} h5 {[%emt 0:00:30]} 31. Rd3 {[%emt 0:00:30]} Rfc8 {[%emt 0:00:30]} 32. Qe2 {[%emt 0:00:30]} R8c7 {[%emt 0:00:30]} 33. Rxc3 {[%emt 0:00:30]} Rxc3 {[%emt 0:00:30]} 34. Rd3 {[%emt 0:00:30]} Rxd3 {[%emt 0:00:30]} 1/2-1/2

[Event "BIH-chT Premier League 2019"]
[Site "Tuzla"]
[Date "2019.06.15"]
[Round "8.2"]
[White "Brkic, Ante"]
[Black "Blagojevic, Dragisa"]
[Result "1/2-1/2"]
[WhiteElo "2572"]
[BlackElo "2493"]
[Annotator "TA"]
[PlyCount "111"]
[EventDate "2019.06.08"]
[EventType "team-tourn"]
[EventCountry "BIH"]
[SourceTitle "playchess.com"]
[Source "ChessBase"]
[SourceQuality "1"]

{[%evp 12,111,36,27,35,33,19,20,20,10,11,2,9,5,11,8,8,0,5,0,-14,-20,-9,-11,-11,-19,0,-12,-18,-12,12,12,10,5,7,0,13,14,20,20,24,36,32,21,74,69,83,82,83,74,68,29,43,51,38,24,74,75,74,13,22,13,20,25,11,0,11,3,46,4,42,16,10,16,27,0,0,0,0,0,0,0,0,0,0,0,8,12,10,18,20,0,8,8,8,8,8,8,8,12,12,12]} 1. e4 e5 2. Nf3 Nc6 3. Bc4 Nf6 4. d3 Be7 5. O-O O-O 6. Re1 d6 7. a3 Bg4 {C55: Two Knights: 4 d3, 4 d4 exd4 5 e5 and Max Lange Attack} (7... h6 8. Nbd2 Nh7 9. Nf1 Ng5 10. c3 Bg4 11. Bxg5 Bxg5 12. h3 Bd7 13. d4 Bf6 14. Qd2 Kh7 15. Rad1 {1-0 (35) Giri,A (2780)-Iordachescu,V (2591) Batumi 2018}) 8. h3 Bh5 9. Nbd2 {[%cal Bb1d2,Bd2f1,Bf1g3][%mdl 32]} Nd4 10. g4 Nxf3+ 11. Qxf3 $146 ({Predecessor:} 11. Nxf3 Bg6 12. Nh4 c6 13. Ba2 Nd7 14. Ng2 Nc5 15. f4 exf4 16. Nxf4 {0-1 (25) Mrdja,M (2409)-Blagojevic,D (2536) Cutro 2006}) 11... Bg6 12. Nf1 h6 13. Ng3 Nh7 14. Qg2 Bg5 15. Rf1 c6 16. Kh1 Nf6 17. f4 exf4 18. Bxf4 d5 (18... Bxf4 {looks sharper.} 19. Rxf4 d5 20. exd5 Nxd5 21. Bxd5 cxd5 22. Raf1 Re8) 19. exd5 Nxd5 20. Bxd5 {[#] And now Bb3 would win.} Qxd5 (20... Bxf4 {is more complex.} 21. Rxf4 cxd5 22. Raf1 Re8 23. Nf5 Re5) 21. Qxd5 cxd5 22. Bxg5 hxg5 23. Ne2 Rfe8 24. Nd4 Re3 25. Kg2 Rae8 26. a4 f6 27. a5 a6 (27... R8e7 $11 {keeps the balance.}) 28. Ra3 $16 Rc8 29. Rb3 Rc7 30. Rb6 Be8 31. Rd6 (31. Rh1 {feels hotter.} Bc6 32. b3 Kf7 33. Kf2 Rce7 34. h4) 31... Rd7 32. Rxd7 Bxd7 $14 {[%mdl 4096] Endgame KRB-KRN} 33. Ra1 Re8 34. Ra3 Rc8 35. Kf2 ({White should try} 35. Rb3 $16 Rc7 36. Rb6) 35... Rc5 $1 $11 36. Ke3 Kf7 37. Rb3 Bc8 38. Ra3 g6 39. c3 Ke7 40. Ra1 f5 41. Kf3 Kf6 42. Ra3 Rc7 43. Rb3 Rh7 {The position is equal.} 44. Rb6+ Kf7 $1 45. Kg2 {[#] Nf3 is the strong threat.} fxg4 46. hxg4 {Strongly threatening Nf3.} Rh4 47. Rd6 Rxg4+ 48. Kf2 Rh4 49. Nf3 Rh5 50. Ne5+ Ke7 51. Rxg6 Rh2+ 52. Ke3 Rxb2 53. Rxg5 Kf6 54. Rh5 Rb5 55. Kd4 Rxa5 56. Rh6+ {Accuracy: White = 62%, Black = 61%.} 1/2-1/2

[Event "BIH-chT Premier League 2019"]
[Site "Tuzla"]
[Date "2019.06.15"]
[Round "8.3"]
[White "Arapovic, Vitomir"]
[Black "Bogut, Zeljko"]
[Result "1/2-1/2"]
[WhiteElo "2315"]
[BlackElo "2403"]
[Annotator "NA"]
[PlyCount "78"]
[EventDate "2019.06.08"]
[EventType "team-tourn"]
[EventCountry "BIH"]
[SourceTitle "playchess.com"]
[Source "ChessBase"]
[SourceQuality "1"]
[TimeControl "40/5400+30:900+30"]

1. e4 {[%emt 0:00:10]} c5 {[%emt 0:00:08]} 2. Nc3 {[%emt 0:00:25]} e6 {[%emt 0:01:39]} 3. g3 {[%emt 0:02:16]} d5 {[%emt 0:02:49]} 4. d3 {[%emt 0:00:30]} Nf6 {[%emt 0:01:19]} 5. Bg2 {[%emt 0:01:11]} Be7 {[%emt 0:00:34]} 6. exd5 {[%emt 0:03:29]} exd5 {[%emt 0:01:25]} 7. Nge2 {[%emt 0:00:58]} d4 {[%emt 0:06:11]} 8. Ne4 {[%emt 0:00:49]} Nxe4 {[%emt 0:00:14]} 9. Bxe4 {[%emt 0:01:53]} Nd7 {[%emt 0:01:16]} 10. O-O {[%emt 0:00:09]} Nf6 {[%emt 0:00:08]} 11. Bg2 {[%emt 0:00:27]} h6 {[%emt 0:01:12]} 12. Nf4 {[%emt 0:10:22]} Bg4 {[%emt 0:06:09]} 13. Bf3 {[%emt 0:05:07]} Bxf3 {[%emt 0:06:14]} 14. Qxf3 {[%emt 0:00:18]} Qd7 {[%emt 0:00:21]} 15. Bd2 {[%emt 0:04:27]} O-O {[%emt 0:00:27]} 16. Rfe1 {[%emt 0:00:35]} Rfc8 {[%emt 0:05:52]} 17. b3 {[%emt 0:03:02]} Bf8 {[%emt 0:01:20]} 18. Nh5 {[%emt 0:02:31]} Nxh5 {[%emt 0:07:58]} 19. Qxh5 {[%emt 0:00:16]} b5 {[%emt 0:00:52]} 20. a4 {[%emt 0:00:50]} a6 {[%emt 0:00:28]} 21. axb5 {[%emt 0:02:52]} axb5 {[%emt 0:00:08]} 22. Qf3 {[%emt 0:00:17]} Rxa1 {[%emt 0:01:17]} 23. Rxa1 {[%emt 0:00:12]} c4 {[%emt 0:01:36]} 24. bxc4 {[%emt 0:00:25]} bxc4 {[%emt 0:00:07]} 25. Ra8 {[%emt 0:01:02]} Rxa8 {[%emt 0:05:12]} 26. Qxa8 {[%emt 0:00:15]} Qb5 {[%emt 0:00:54]} 27. dxc4 {[%emt 0:00:38]} Qxc4 {[%emt 0:00:59]} 28. Qe4 {[%emt 0:00:21]} Qc5 {[%emt 0:07:12]} 29. Qd3 {[%emt 0:03:13]} g6 {[%emt 0:05:55]} 30. c3 {[%emt 0:04:12]} Bg7 {[%emt 0:00:29]} 31. cxd4 {[%emt 0:00:18]} Bxd4 {[%emt 0:00:08]} 32. Qf3 {[%emt 0:00:15]} h5 {[%emt 0:00:37]} 33. h4 {[%emt 0:00:37]} Qe5 {[%emt 0:06:34]} 34. Kg2 {[%emt 0:00:36]} Kg7 {[%emt 0:01:04]} 35. Bf4 {[%emt 0:01:16]} Qe1 {[%emt 0:00:57]} 36. Bg5 {[%emt 0:00:47]} Qe6 {[%emt 0:02:48]} 37. Bd2 {[%emt 0:01:20]} Qe5 {[%emt 0:04:11]} 38. Bf4 {[%emt 0:02:59]} Qe1 {[%emt 0:00:42]} 39. Qd1 {[%emt 0:48:10]} Qe5 {[%emt 0:22:04]} 1/2-1/2

[Event "BIH-chT Premier League 2019"]
[Site "Tuzla"]
[Date "2019.06.15"]
[Round "8.4"]
[White "Sesar, Ivan"]
[Black "Bilic, Vladimir"]
[Result "0-1"]
[WhiteElo "2149"]
[BlackElo "2320"]
[Annotator "NA"]
[PlyCount "106"]
[EventDate "2019.06.08"]
[EventType "team-tourn"]
[EventCountry "BIH"]
[SourceTitle "playchess.com"]
[Source "ChessBase"]
[SourceQuality "1"]
[TimeControl "40/5400+30:900+30"]

1. d4 {[%emt 0:00:00]} d5 {[%emt 0:00:00]} 2. c4 {[%emt 0:00:00]} dxc4 {[%emt 0:00:00]} 3. e3 {[%emt 0:00:00]} e6 {[%emt 0:00:00]} 4. Bxc4 {[%emt 0:00:00]} c5 {[%emt 0:00:01]} 5. Nf3 {[%emt 0:00:00]} Nf6 {[%emt 0:00:13]} 6. O-O {[%emt 0:00:04]} Nc6 {[%emt 0:00:06]} 7. dxc5 {[%emt 0:00:09]} Bxc5 {[%emt 0:01:22]} 8. Qxd8+ {[%emt 0:00:16]} Kxd8 {[%emt 0:00:20]} 9. b3 {[%emt 0:02:45]} a6 {[%emt 0:01:19]} 10. Bb2 {[%emt 0:00:08]} Ke7 {[%emt 0:00:57]} 11. Rd1 {[%emt 0:00:40]} b5 {[%emt 0:02:56]} 12. Be2 {[%emt 0:00:07]} Bb7 {[%emt 0:01:19]} 13. Nbd2 {[%emt 0:00:50]} Rhd8 {[%emt 0:02:09]} 14. Rac1 {[%emt 0:04:59]} Ba7 {[%emt 0:04:25]} 15. Ne1 {[%emt 0:11:32]} Rd7 {[%emt 0:05:06]} 16. Ndf3 {[%emt 0:00:56]} Rxd1 {[%emt 0:03:04]} 17. Rxd1 {[%emt 0:00:44]} Bc5 {[%emt 0:10:29]} 18. Nd3 {[%emt 0:04:41]} Bd6 {[%emt 0:00:06]} 19. Rc1 {[%emt 0:00:30]} Rc8 {[%emt 0:05:51]} 20. Nc5 {[%emt 0:03:24]} Bxc5 {[%emt 0:00:22]} 21. Rxc5 {[%emt 0:00:07]} g6 {[%emt 0:00:58]} 22. Nd4 {[%emt 0:04:19]} Kd6 {[%emt 0:10:35]} 23. Rxc6+ {[%emt 0:25:59]} Bxc6 {[%emt 0:00:28]} 24. Nxc6 {[%emt 0:00:04]} Rxc6 {[%emt 0:00:10]} 25. Bxf6 {[%emt 0:00:02]} Rc2 {[%emt 0:00:32]} 26. Bf1 {[%emt 0:00:11]} Rxa2 {[%emt 0:00:42]} 27. b4 {[%emt 0:03:27]} a5 {[%emt 0:04:28]} 28. bxa5 {[%emt 0:02:21]} b4 {[%emt 0:00:19]} 29. a6 {[%emt 0:00:54]} b3 {[%emt 0:00:56]} 30. g4 {[%emt 0:16:47]} e5 {[%emt 0:02:18]} 31. f4 {[%emt 0:00:50]} exf4 {[%emt 0:00:13]} 32. Bc4 {[%emt 0:09:30]} fxe3 {[%emt 0:00:41]} 33. Bxb3 {[%emt 0:00:54]} Rxa6 {[%emt 0:00:15]} 34. Bxf7 {[%emt 0:02:25]} Ra4 {[%emt 0:00:17]} 35. Bh4 {[%emt 0:05:59]} Ra1+ {[%emt 0:01:31]} 36. Kg2 {[%emt 0:00:20]} e2 {[%emt 0:00:06]} 37. Bg8 {[%emt 0:00:53]} h6 {[%emt 0:01:08]} 38. Bg3+ {[%emt 0:01:21]} Ke7 {[%emt 0:00:29]} 39. g5 {[%emt 0:00:19]} hxg5 {[%emt 0:00:36]} 40. Bc4 {[%emt 0:00:00]} e1=Q {[%emt 0:00:00]} 41. Bxe1 {[%emt 0:00:33]} Rxe1 {[%emt 0:00:33]} 42. Kf2 {[%emt 0:00:40]} Rd1 {[%emt 0:01:01]} 43. Kg3 {[%emt 0:00:27]} Kf6 {[%emt 0:00:07]} 44. Bb5 {[%emt 0:00:22]} Rg1+ {[%emt 0:00:19]} 45. Kf2 {[%emt 0:00:13]} Rb1 {[%emt 0:00:49]} 46. Be8 {[%emt 0:00:19]} g4 {[%emt 0:00:35]} 47. Ba4 {[%emt 0:00:15]} Kg5 {[%emt 0:00:26]} 48. Kg3 {[%emt 0:00:29]} Re1 {[%emt 0:01:21]} 49. Bd7 {[%emt 0:00:39]} Re3+ {[%emt 0:00:18]} 50. Kf2 {[%emt 0:00:14]} Re7 {[%emt 0:00:04]} 51. Bb5 {[%emt 0:00:17]} Kf4 {[%emt 0:00:15]} 52. Bd3 {[%emt 0:00:31]} g5 {[%emt 0:00:19]} 53. Kg2 {[%emt 0:00:12]} Re3 {[%emt 0:58:36]} 0-1

[Event "BIH-chT Premier League 2019"]
[Site "Tuzla"]
[Date "2019.06.15"]
[Round "8.5"]
[White "Sinanovic, Muhamed"]
[Black "Jelcic, Marko"]
[Result "1-0"]
[WhiteElo "2313"]
[BlackElo "2120"]
[Annotator "NA"]
[PlyCount "107"]
[EventDate "2019.06.08"]
[EventType "team-tourn"]
[EventCountry "BIH"]
[SourceTitle "playchess.com"]
[Source "ChessBase"]
[SourceQuality "1"]
[TimeControl "40/5400+30:900+30"]

1. Nf3 {[%emt 0:00:00]} d5 {[%emt 0:00:07]} 2. g3 {[%emt 0:00:51]} Nf6 {[%emt 0:00:14]} 3. Bg2 {[%emt 0:00:10]} Bf5 {[%emt 0:02:54]} 4. O-O {[%emt 0:01:37]} c6 {[%emt 0:00:38]} 5. d3 {[%emt 0:01:53]} h6 {[%emt 0:03:26]} 6. Nbd2 {[%emt 0:00:53]} Nbd7 {[%emt 0:01:44]} 7. b3 {[%emt 0:01:31]} e6 {[%emt 0:04:32]} 8. Bb2 {[%emt 0:00:36]} Be7 {[%emt 0:01:01]} 9. e4 {[%emt 0:02:10]} dxe4 {[%emt 0:02:18]} 10. dxe4 {[%emt 0:00:20]} Bh7 {[%emt 0:04:00]} 11. Qe2 {[%emt 0:05:04]} O-O {[%emt 0:03:42]} 12. Rfd1 {[%emt 0:10:22]} Qc7 {[%emt 0:06:09]} 13. a3 {[%emt 0:10:28]} a5 {[%emt 0:08:28]} 14. Rac1 {[%emt 0:06:17]} Rfd8 {[%emt 0:02:04]} 15. e5 {[%emt 0:01:39]} Nd5 {[%emt 0:02:16]} 16. Ne4 {[%emt 0:04:03]} N5b6 {[%emt 0:09:51]} 17. h3 {[%emt 0:07:05]} Nc5 {[%emt 0:01:05]} 18. Nfd2 {[%emt 0:00:47]} Nxe4 {[%emt 0:02:51]} 19. Nxe4 {[%emt 0:00:10]} Rxd1+ {[%emt 0:01:02]} 20. Rxd1 {[%emt 0:00:21]} Rd8 {[%emt 0:00:25]} 21. Kh2 {[%emt 0:04:33]} Rxd1 {[%emt 0:04:38]} 22. Qxd1 {[%emt 0:00:07]} Qd7 {[%emt 0:02:20]} 23. Qe2 {[%emt 0:02:20]} Qd8 {[%emt 0:02:31]} 24. f4 {[%emt 0:04:46]} Qd7 {[%emt 0:07:04]} 25. Qf2 {[%emt 0:05:41]} Qc7 {[%emt 0:08:28]} 26. Qd4 {[%emt 0:07:23]} c5 {[%emt 0:07:00]} 27. Qc3 {[%emt 0:05:04]} c4 {[%emt 0:02:41]} 28. Nd6 {[%emt 0:02:37]} Qc5 {[%emt 0:06:04]} 29. Qd4 {[%emt 0:04:57]} Qc7 {[%emt 0:02:33]} 30. bxc4 {[%emt 0:06:59]} Bxc2 {[%emt 0:01:13]} 31. Qc3 {[%emt 0:00:30]} Bg6 {[%emt 0:01:18]} 32. Qxa5 {[%emt 0:00:11]} Bd8 {[%emt 0:00:41]} 33. c5 {[%emt 0:01:42]} Nd5 {[%emt 0:00:33]} 34. Qxc7 {[%emt 0:00:46]} Bxc7 {[%emt 0:00:01]} 35. Nxb7 {[%emt 0:00:10]} Kf8 {[%emt 0:00:13]} 36. Nd6 {[%emt 0:00:45]} Bd3 {[%emt 0:00:36]} 37. Bf3 {[%emt 0:01:25]} Ke7 {[%emt 0:00:16]} 38. Kg2 {[%emt 0:00:21]} f5 {[%emt 0:00:32]} 39. Kf2 {[%emt 0:01:03]} g6 {[%emt 0:01:02]} 40. Be2 {[%emt 0:00:00]} Bc2 {[%emt 0:00:00]} 41. Bb5 {[%emt 0:01:33]} g5 {[%emt 0:00:56]} 42. fxg5 {[%emt 0:01:50]} hxg5 {[%emt 0:00:01]} 43. Bc1 {[%emt 0:00:06]} f4 {[%emt 0:00:23]} 44. Bd2 {[%emt 0:01:54]} Bb8 {[%emt 0:01:11]} 45. a4 {[%emt 0:00:53]} Kf8 {[%emt 0:00:26]} 46. gxf4 {[%emt 0:01:59]} gxf4 {[%emt 0:00:07]} 47. c6 {[%emt 0:01:29]} Ba7+ {[%emt 0:01:21]} 48. Kf1 {[%emt 0:01:24]} Bd4 {[%emt 0:00:49]} 49. Bxf4 {[%emt 0:00:14]} Kg7 {[%emt 0:01:58]} 50. Ne8+ {[%emt 0:01:15]} Kg6 {[%emt 0:00:33]} 51. c7 {[%emt 0:00:05]} Nb6 {[%emt 0:00:08]} 52. Nd6 {[%emt 0:00:58]} Bc3 {[%emt 0:00:29]} 53. Bg3 {[%emt 0:01:44]} Bf5 {[%emt 0:00:43]} 54. Kg2 {[%emt 0:00:39]} 1-0

[Event "BIH-chT Premier League 2019"]
[Site "Tuzla"]
[Date "2019.06.15"]
[Round "8.6"]
[White "Sesar, Dario"]
[Black "Narancic, Vlado"]
[Result "0-1"]
[WhiteElo "1989"]
[BlackElo "2288"]
[Annotator "NA"]
[PlyCount "98"]
[EventDate "2019.06.08"]
[EventType "team-tourn"]
[EventCountry "BIH"]
[SourceTitle "playchess.com"]
[Source "ChessBase"]
[SourceQuality "1"]
[TimeControl "40/5400+30:900+30"]

1. e4 {[%emt 0:00:00]} c5 {[%emt 0:01:52]} 2. c3 {[%emt 0:00:00]} d6 {[%emt 0:00:13]} 3. d4 {[%emt 0:00:06]} cxd4 {[%emt 0:00:07]} 4. cxd4 {[%emt 0:00:07]} Nf6 {[%emt 0:00:05]} 5. Nc3 {[%emt 0:00:17]} a6 {[%emt 0:00:07]} 6. Nf3 {[%emt 0:01:09]} g6 {[%emt 0:00:23]} 7. Be2 {[%emt 0:04:41]} Bg7 {[%emt 0:00:06]} 8. O-O {[%emt 0:00:20]} O-O {[%emt 0:00:02]} 9. h3 {[%emt 0:03:01]} b5 {[%emt 0:00:57]} 10. e5 {[%emt 0:06:32]} Ne8 {[%emt 0:00:15]} 11. Bg5 {[%emt 0:11:58]} Bb7 {[%emt 0:02:02]} 12. Qb3 {[%emt 0:10:38]} Nc6 {[%emt 0:08:48]} 13. Rfd1 {[%emt 0:07:31]} Kh8 {[%emt 0:05:08]} 14. a3 {[%emt 0:10:23]} Rc8 {[%emt 0:02:47]} 15. Qa2 {[%emt 0:05:58]} h6 {[%emt 0:07:56]} 16. Bh4 {[%emt 0:00:36]} Na5 {[%emt 0:01:50]} 17. Nd5 {[%emt 0:02:45]} g5 {[%emt 0:03:02]} 18. Bg3 {[%emt 0:00:45]} Nc4 {[%emt 0:05:49]} 19. Bxc4 {[%emt 0:03:58]} bxc4 {[%emt 0:06:32]} 20. Ne3 {[%emt 0:00:40]} Qd7 {[%emt 0:02:29]} 21. d5 {[%emt 0:04:37]} f5 {[%emt 0:03:16]} 22. exf6 {[%emt 0:03:05]} Nxf6 {[%emt 0:00:34]} 23. Rac1 {[%emt 0:01:13]} c3 {[%emt 0:00:44]} 24. b4 {[%emt 0:06:34]} Ne4 {[%emt 0:03:27]} 25. Qc2 {[%emt 0:02:03]} Nxg3 {[%emt 0:00:41]} 26. fxg3 {[%emt 0:00:02]} e6 {[%emt 0:00:16]} 27. Qd3 {[%emt 0:04:07]} Rfe8 {[%emt 0:07:21]} 28. Kh2 {[%emt 0:02:25]} exd5 {[%emt 0:07:19]} 29. Nxd5 {[%emt 0:00:45]} Qc6 {[%emt 0:00:09]} 30. Qg6 {[%emt 0:01:37]} Rf8 {[%emt 0:04:26]} 31. Ne7 {[%emt 0:01:48]} Qe4 {[%emt 0:00:02]} 32. Qxe4 {[%emt 0:00:35]} Bxe4 {[%emt 0:00:01]} 33. Nxc8 {[%emt 0:00:11]} Rxc8 {[%emt 0:00:00]} 34. Rxd6 {[%emt 0:01:25]} c2 {[%emt 0:06:04]} 35. Nd4 {[%emt 0:02:06]} Be5 {[%emt 0:01:08]} 36. Rd7 {[%emt 0:01:25]} Rc3 {[%emt 0:01:39]} 37. Re7 {[%emt 0:01:55]} Bxg3+ {[%emt 0:01:09]} 38. Kh1 {[%emt 0:00:00]} Bf4 {[%emt 0:05:45]} 39. Rxe4 {[%emt 0:00:57]} Bxc1 {[%emt 0:00:04]} 40. Re2 {[%emt 0:00:00]} Bd2 {[%emt 0:00:00]} 41. Nxc2 {[%emt 0:04:01]} Rxc2 {[%emt 0:02:51]} 42. g4 {[%emt 0:00:36]} a5 {[%emt 0:03:00]} 43. Kg2 {[%emt 0:03:04]} axb4 {[%emt 0:00:41]} 44. axb4 {[%emt 0:00:02]} Rb2 {[%emt 0:00:45]} 45. Kf3 {[%emt 0:05:48]} Rb3+ {[%emt 0:00:16]} 46. Ke4 {[%emt 0:00:22]} Bxb4 {[%emt 0:00:21]} 47. Kf5 {[%emt 0:00:22]} Kg7 {[%emt 0:00:55]} 48. h4 {[%emt 0:00:55]} Rf3+ {[%emt 0:00:15]} 49. Ke6 {[%emt 0:00:13]} gxh4 {[%emt 0:00:02]} 0-1